000 00977nam a2200253Ia 4500
003 OSt
005 20221005104352.0
006 a|||||r|||| 00| 0
007 ta
008 221004b |||||||| |||| 00| 0 hin d
020 _a9788176465984 (hbk)
_c1500
024 _a99733
037 _b108, 29/09/2009, Pioneer Books Distributors
_cTextual
040 _aCRL
_cCRL
_bhin
041 _2hin
_ahin
082 _aNQ44J;4, 152P9
100 _aबादाम, जी. एल., संपा.
245 0 _aमध्य भारत की शैल - चित्रकला
246 _aMadhya bhārat kī shail - chitrakalā
260 _aदिल्ली
_bबी. आर. पब्लिशिंग कार्पोरेशन भारत
_c2009
300 _a174पृ0
_ccm.
942 _hNQ44J;4, 152P9
_cTEXL
_2cc
999 _c1012485
_d1012485